000
00212 a2200097 4500
001
23948
100
_a
Heilbrunn, O
245
_a
Conventional Warfare in N. Age
260
_a
_b
G. Allen
_c
090
_c
16210
_d
16210
942
_a
NUST-CAE
_c
M
_c
6904
999
_c
259021
_d
259021